| 000 | 00563nam a22001457a 4500 | ||
|---|---|---|---|
| 008 | 150227b xxu||||| |||| 00| 0 eng d | ||
| 050 | _aBR65.A91E5 1953 | ||
| 100 |
_aAugustine, St. _913740 |
||
| 245 |
_aSaint Augustine's enchiridion: _bor manual to Laurentius concerning faith, hope and charity _ctranslated from the Benedictine text with an introduction and notes by Enerst, Evans, |
||
| 260 |
_aLondon _bS.P.C.K. _c1953 |
||
| 300 |
_axxvii, 146p. ; _c20cm. |
||
| 650 |
_aVirtues, theology _915620 |
||
| 700 |
_aEvans, Ernest _915846 |
||
| 942 |
_2lcc _cMONOGRAPH |
||
| 999 |
_c122223 _d122223 |
||